| 000 | 00411 a2200133 4500 | ||
|---|---|---|---|
| 090 |
_c994 _d994 |
||
| 100 | _aSaeed,Khawaja Amjad. | ||
| 245 |
_aIncome Tax Law _cProf.Dr.Khawaja Amjad Saeed. |
||
| 260 |
_aLahore _bInstitute of Business Management. _c2000-2001 |
||
| 500 | _aPaper cover | ||
| 505 |
_rProf.Dr.Khawaja Amjad Saeed _tIncome Tax Law |
||
| 600 | _aSaeed,Khawaja Amjad. | ||
| 942 |
_aNBS _cBK _k343.052 AMJ |
||
| 999 |
_c343532 _d343532 |
||